| 000 | 00361nam a22001337a 4500 | ||
|---|---|---|---|
| 008 | 230623b xxu||||| |||| 00| 0 eng d | ||
| 020 | _a0333440846 | ||
| 082 |
_23 _a330.03 _bPEA 1986 |
||
| 110 | _bAberdeen Economic Consultants | ||
| 245 | _aThe Dictionary of Modern Economics | ||
| 260 |
_aLondon _bMacmillan Press Ltd _c1986 |
||
| 300 | _a462p | ||
| 942 |
_2ddc _cBK |
||
| 999 |
_c2533 _d2533 |
||